[Event "Cappelle Online Bullet op"]
[Site "Europe Echecs INT"]
[Date "2021.03.05"]
[Round "15"]
[White "Kouatly, Sami"]
[Black "Riquembourg, Julien"]
[Result "1-0"]
[WhiteElo "1840"]
[BlackElo "1694"]
[PlyCount "105"]
[EventDate "2021.03.05"]
[EventType "swiss (blitz)"]
[EventRounds "15"]
[EventCountry "FRA"]
[SourceTitle "EXT 2022"]
[Source "ChessBase"]
[SourceDate "2021.10.06"]
[SourceVersion "1"]
[SourceVersionDate "2021.10.06"]
[SourceQuality "1"]

1. e4 e6 2. d4 d5 3. exd5 exd5 4. Bd3 Bd6 5. h3 Ne7 6. Qf3 0-0 7. Ne2 Be6 8. 0-0 Nd7 9. c3 Ng6 10. Nd2 Qf6 11. Re1 Qxf3 12. Nxf3 Rae8 13. Bd2 c5 14. dxc5 Nxc5 15. Bc2 Ne4 16. Be3 Ne5 17. Nfd4 Nc4 18. Bxe4 dxe4 19. b3 Nxe3 20. fxe3 Be5 21. Nf4 Bc8 22. c4 Bxf4 23. exf4 Rd8 24. Rad1 Rde8 25. Nb5 a6 26. Nd6 Re7 27. Rxe4 Rxe4 28. Nxe4 Bf5 29. Nd6 Bg6 30. Nxb7 Rb8 31. Nc5 h5 32. Nxa6 Rb6 33. Nc7 Rb7 34. Nd5 Ra7 35. Kf2 Rxa2+ 36. Ke3 Rb2 37. Rd3 Rxg2 38. Rd4 Rg3+ 39. Kf2 Rxh3 40. Ne7+ Kh7 41. Nxg6 Kxg6 42. c5 Rh2+ 43. Kg3 Rh3+ 44. Kxh3 h4 45. c6 Kf5 46. c7 Ke6 47. c8Q+ Kf6 48. Qc6+ Kf5 49. Rd5+ Ke4 50. Qc4+ Kf3 51. Rd3+ Ke2 52. Qc2+ Ke1 53. Rd1# 1-0

[Event "Marrakesh op 1st"]
[Site "Marrakesh"]
[Date "2010.06.26"]
[Round "1"]
[White "Del Rio de Angelis, Salvador Gabriel"]
[Black "Kouatly, Sami"]
[Result "1-0"]
[WhiteElo "2521"]
[BlackElo "1797"]
[PlyCount "73"]
[EventDate "2010.06.26"]
[EventType "swiss"]
[EventRounds "9"]
[EventCountry "MAR"]
[SourceTitle "CBM 137 Extra"]
[Source "ChessBase"]
[SourceDate "2010.09.01"]
[SourceVersion "1"]
[SourceVersionDate "2010.09.01"]
[SourceQuality "1"]

1. d4 Nf6 2. c4 g6 3. Nc3 d5 4. e3 Bg7 5. cxd5 Nxd5 6. Nxd5 Qxd5 7. Ne2 0-0 8. Nc3 Qa5 9. Bd2 Nc6 10. Bc4 Qg5 11. 0-0 Bg4 12. Ne4 Bxd1 13. Nxg5 Bc2 14. Bd5 h6 15. Rfc1 Ba4 16. Ne4 e6 17. Bc4 Ne7 18. Bb4 Rfe8 19. Nc5 Bc6 20. Nd3 Nf5 21. Be1 Nd6 22. Bb3 a5 23. a4 Red8 24. Rc5 Be4 25. Nf4 Rac8 26. Rac1 g5 27. Nh5 Ne8 28. Nxg7 Kxg7 29. Rxa5 b6 30. Ra7 Bd5 31. Bd1 c6 32. f3 Nf6 33. Bg3 c5 34. Bc7 cxd4 35. exd4 Rd7 36. Rc3 Ne8 37. Be5+ 1-0

[Event "FRA-ch op-C"]
[Site "Pau"]
[Date "2008.08.15"]
[Round "4"]
[White "Kouatly, Sami"]
[Black "Vyvyan, Philippe"]
[Result "1-0"]
[WhiteElo "1707"]
[BlackElo "1756"]
[PlyCount "63"]
[EventDate "2008.08.11"]
[EventType "swiss"]
[EventRounds "9"]
[EventCountry "FRA"]
[SourceTitle "CBM 126 Extra"]
[Source "ChessBase"]
[SourceDate "2008.11.05"]
[SourceVersion "1"]
[SourceVersionDate "2008.11.05"]
[SourceQuality "1"]

1. e4 c5 2. Nf3 Nc6 3. d4 cxd4 4. Nxd4 d6 5. Nc3 a6 6. Be3 e6 7. Qd2 Nf6 8. 0-0-0 Qc7 9. h3 Be7 10. f4 b5 11. Bd3 Nd7 12. f5 Nc5 13. g4 b4 14. Nce2 Ne5 15. Kb1 Nexd3 16. cxd3 e5 17. Nf3 a5 18. Rc1 Qb8 19. Nxe5 Nxe4 20. dxe4 dxe5 21. Ng3 0-0 22. Nh5 Rd8 23. Qg2 f6 24. g5 fxg5 25. Bxg5 Qb7 26. Bxe7 Qxe7 27. Rhg1 Ra7 28. f6 Qf7 29. Nxg7 Kh8 30. Qg5 Be6 31. Nxe6 Qxe6 32. f7 1-0